[Event "European Cities & Towns Chess Championship - Open/Seniors"]
[Site "Central Europe"]
[Date "2023.01.29"]
[Round "4.10.4"]
[White "Kote, Aleks"]
[Black "Ozveren, Ali Bulent"]
[Result "0-1"]
[WhiteElo "1503"]
[BlackElo "1718"]
[BlackCountry "TR"]
[BlackFideId "6303188"]
[BlackTeam "Istanbul - Seniors"]
[Termination "time forfeit"]
[WhiteCountry "AL"]
[WhiteFideId "4702778"]
[WhiteTeam "TEUTA - Durres Albania"]

1. e4 e5 2. Nf3 Nf6 3. Nxe5 d6 4. Nf3 Nxe4 5. d4 d5 6. Bd3 Bd6 7. O-O O-O 
8. Re1 Bf5 9. Nc3 Nxc3 10. bxc3 Bxd3 11. Qxd3 c6 12. Rb1 b6 13. Ne5 Qc7 
14. Bf4 f6 15. Bg3 fxe5 16. dxe5 Bc5 17. e6 Bd6 18. e7 Re8 19. c4 Bxg3 20.
 hxg3 dxc4 21. Qxc4+ Kh8 22. Rbd1 Nd7 23. Qe6 Nf6 24. Rd4 Nd5 25. Qf5 Rxe7
26. Rxe7 Qxe7 27. Rh4 h6 28. c4 Nf6 29. g4 Nh7 30. Rh3 Rf8 31. Qg6 Qe1+ 
32. Kh2 Qe5+ 33. Rg3 Rxf2 34. Qxc6 Ng5 0-1

[Event "European Cities & Towns Chess Championship - Open/Seniors"]
[Site "Central Europe"]
[Date "2023.01.29"]
[Round "4.11.1"]
[White "Kabo, Melsed"]
[Black "Melikhov, Evgeny V."]
[Result "0-1"]
[WhiteElo "2195"]
[BlackElo "2269"]
[BlackCountry "RU"]
[BlackFideId "4122046"]
[BlackTeam "Ioannina"]
[BlackTitle "FM"]
[Termination "time forfeit"]
[WhiteCountry "AL"]
[WhiteFideId "4702271"]
[WhiteTeam "Butrinti"]

1. d4 Nf6 2. c3 d5 3. Bg5 Nbd7 4. Nd2 e6 5. e3 Be7 6. Bd3 O-O 7. Ne2 Re8 
8. O-O Nf8 9. b4 N6d7 10. Bf4 f6 11. Qb3 Bd6 12. Bxd6 cxd6 13. e4 dxe4 14.
 Nxe4 Qe7 15. Rfe1 f5 16. N4g3 Kh8 17. Nf4 Nf6 18. Nxf5 Qc7 19. Ng3 Bd7 
20. Rac1 e5 21. Nfh5 Nxh5 22. Nxh5 Be6 23. d5 Qf7 24. dxe6 Qxh5 25. Qd5 
Nxe6 26. Qxb7 Nf4 27. Bf1 Qg5 28. g3 Rad8 29. Qxa7 Ra8 30. Qe3 h6 31. Kh1 
Ne6 32. Qxg5 Nxg5 33. Bc4 Rec8 34. Bd5 Ra3 35. h4 Nh7 36. Bb3 Nf6 37. Red1
d5 38. Bxd5 Nxd5 39. Rxd5 Rxa2 40. Kg1 e4 41. c4 e3 0-1

[Event "European Cities & Towns Chess Championship - Open/Seniors"]
[Site "Central Europe"]
[Date "2023.01.29"]
[Round "4.11.2"]
[White "Tepelenis, Nikolaos"]
[Black "Kosta, Kelvin"]
[Result "0-1"]
[WhiteElo "2096"]
[BlackElo "1950"]
[BlackCountry "AL"]
[BlackFideId "4703855"]
[BlackTeam "Butrinti"]
[Termination "time forfeit"]
[WhiteCountry "GR"]
[WhiteFideId "4207599"]
[WhiteTeam "Ioannina"]

1. d4 Nf6 2. Nf3 e6 3. e3 d5 4. c4 c6 5. Nbd2 Be7 6. Bd3 O-O 7. O-O Nbd7 
8. e4 dxe4 9. Nxe4 Nxe4 10. Bxe4 Nf6 11. Bc2 c5 12. Bg5 cxd4 13. Qd3 g6 
14. Rad1 Nd7 15. Bxe7 Qxe7 16. Qxd4 b6 17. Qd6 Qxd6 18. Rxd6 Nf6 19. Ne5 
Bb7 20. f3 Rac8 21. Ba4 Rc5 22. Re1 Ba6 23. b4 Rc7 24. Bc6 Ne8 25. Rd7 f6 
26. Rxc7 Nxc7 27. Nd7 Rf7 28. c5 b5 29. Rd1 Bc8 30. Nb8 Rf8 31. Bd7 Bb7 
32. Nc6 Kf7 0-1

[Event "European Cities & Towns Chess Championship - Open/Seniors"]
[Site "Central Europe"]
[Date "2023.01.29"]
[Round "4.11.3"]
[White "Mihasi, Erald"]
[Black "Basios, Athanasios"]
[Result "0-1"]
[WhiteElo "1909"]
[BlackElo "1860"]
[BlackCountry "GR"]
[BlackFideId "4215494"]
[BlackTeam "Ioannina"]
[WhiteCountry "AL"]
[WhiteFideId "4700902"]
[WhiteTeam "Butrinti"]

1. d4 d5 2. Bf4 Nf6 3. e3 e6 4. Nf3 c5 5. Nc3 a6 6. Be2 Bd6 7. Bg5 h6 8. 
Bh4 Nbd7 9. O-O O-O 10. Nb1 b5 11. c3 Qc7 12. Nbd2 Bb7 13. Rc1 Ne4 14. Bg3
Nxg3 15. hxg3 Nf6 16. Bd3 Rfe8 17. Re1 Ne4 18. Qc2 f5 19. a4 c4 20. Be2 
Bc6 21. axb5 axb5 22. Ra1 Qb6 23. Ne5 b4 24. Nxe4 fxe4 25. Nxc6 Qxc6 26. 
Bg4 b3 27. Qe2 Bc7 28. Bh5 Rf8 29. Qg4 Rf6 30. Qe2 Ra2 31. Rab1 Bd6 32. 
Kh2 Qc8 33. f4 exf3 34. gxf3 g6 35. Bg4 h5 36. Bh3 h4 37. f4 hxg3+ 38. 
Kxg3 g5 39. Qg4 Qe8 40. Kf3 Qg6 41. Rg1 Qe4+ 42. Kf2 Qc2+ 43. Kf3 Qe4+ 44.
 Kf2 Bxf4 45. exf4 Rxf4+ 46. Qxf4 Qxf4+ 47. Kg2 Qd2+ 48. Kh1 Rxb2 49. Rxb2
Qxb2 50. Bxe6+ Kf8 51. Bxd5 Qxc3 52. Rf1+ Ke7 53. Be4 Qxd4 54. Re1 Kf6 55.
 Bg2 c3 56. Rf1+ Kg6 57. Re1 Qh4+ 0-1

[Event "European Cities & Towns Chess Championship - Open/Seniors"]
[Site "Central Europe"]
[Date "2023.01.29"]
[Round "4.11.4"]
[White "Notsikas, Georgios"]
[Black "Omeri, Eklea"]
[Result "1-0"]
[WhiteElo "1000"]
[BlackElo "1629"]
[BlackCountry "AL"]
[BlackFideId "4703804"]
[BlackTeam "Butrinti"]
[Termination "time forfeit"]
[WhiteCountry "GR"]
[WhiteFideId "42140587"]
[WhiteTeam "Ioannina"]

1. e4 c6 2. d4 d5 3. Nc3 dxe4 4. Nxe4 Bf5 5. Ng3 Bg6 6. Nf3 Nd7 7. h4 h6 
8. h5 Bh7 9. Bd3 Bxd3 10. Qxd3 Ngf6 11. Bd2 Qc7 12. O-O-O e6 13. Ne4 Nxe4 
14. Qxe4 Nf6 15. Qe2 O-O-O 16. g3 Bd6 17. c4 c5 18. Bc3 Qe7 19. dxc5 Bxc5 
20. Ne5 Qc7 21. g4 Bd6 22. f3 Rhg8 23. Rd3 Qe7 24. Rhd1 Bxe5 25. Bxe5 Rxd3
26. Qxd3 Rd8 27. Qxd8+ Qxd8 28. Rxd8+ Kxd8 29. Bxf6+ gxf6 30. Kc2 Kd7 31. 
Kc3 b6 32. b4 Kc6 33. Kd4 a6 34. a3 Kd6 35. Ke4 Kc6 36. f4 a5 37. g5 fxg5 
38. fxg5 1-0

[Event "European Cities & Towns Chess Championship - Open/Seniors"]
[Site "Central Europe"]
[Date "2023.01.29"]
[Round "5.1.1"]
[White "Nguyen, Thai Dai Van"]
[Black "Mastrovasilis, Dimitrios"]
[Result "1-0"]
[WhiteElo "2656"]
[BlackElo "2605"]
[BlackCountry "GR"]
[BlackFideId "4202694"]
[BlackTeam "Thessaloniki"]
[BlackTitle "GM"]
[Termination "time forfeit"]
[WhiteCountry "CZ"]
[WhiteFideId "358878"]
[WhiteTeam "Prague - Open"]
[WhiteTitle "GM"]

1. Nf3 d5 2. d4 Nf6 3. c4 e6 4. Nc3 dxc4 5. e4 Bb4 6. Bg5 b5 7. a4 c5 8. 
axb5 cxd4 9. Bxf6 Qxf6 10. Qxd4 Qxd4 11. Nxd4 Bc5 12. Rd1 Bb7 13. Bxc4 Ke7
14. Nf5+ exf5 15. Bd5 Bxd5 16. Nxd5+ Kd8 17. Nb6+ Kc7 18. Nxa8+ Kb7 19. 
Rd5 Bb4+ 20. Ke2 Kxa8 21. Rxf5 f6 22. Rd1 Kb7 23. g4 Re8 24. f3 h6 25. h4 
Re7 26. Rfd5 Ba5 27. g5 hxg5 28. hxg5 Bc7 29. gxf6 gxf6 30. Ke3 Rh7 31. b3
Rh4 32. Rf5 Bb6+ 33. Ke2 Rh2+ 34. Kf1 Rh1+ 35. Ke2 Rh2+ 36. Kd3 Nd7 37. 
Kc3 Rh7 38. b4 Bc7 39. Kb3 Be5 40. f4 Bc7 41. Rd3 Re7 42. Re3 Bb6 43. Re2 
Kc7 44. e5 fxe5 45. fxe5 Re6 46. Rf7 Kd8 47. Rd2 Re7 48. e6 Rxe6 49. 
Rfxd7+ Kc8 50. R7d6 Re4 51. Rc6+ Kb8 52. Rd7 Re3+ 53. Rc3 Re8 54. Rh3 Kc8 
55. Rf7 Rg8 56. Rfh7 Rg1 57. Rf3 Rg8 58. Rf4 Rg3+ 59. Kc4 Rg8 60. Rf5 Kb8 
61. Rfh5 Rg1 62. Kd5 1-0

[Event "European Cities & Towns Chess Championship - Open/Seniors"]
[Site "Central Europe"]
[Date "2023.01.29"]
[Round "5.1.2"]
[White "Papaioannou, Ioannis"]
[Black "Rodshtein, Maxim"]
[Result "1/2-1/2"]
[WhiteElo "2628"]
[BlackElo "2616"]
[BlackCountry "IL"]
[BlackFideId "2806851"]
[BlackTeam "Prague - Open"]
[BlackTitle "GM"]
[WhiteCountry "GR"]
[WhiteFideId "4201345"]
[WhiteTeam "Thessaloniki"]
[WhiteTitle "GM"]

1. e4 e5 2. Nf3 Nc6 3. Bb5 Nf6 4. d3 Bc5 5. Bxc6 dxc6 6. Nbd2 Nd7 7. Nc4 
f6 8. Be3 b6 9. Qe2 Ba6 10. Ncd2 O-O 11. O-O Bd6 12. a4 Nc5 13. a5 Ne6 14.
 Rfd1 c5 15. axb6 axb6 16. Nc4 Be7 17. c3 Bb5 18. Qc2 Qd7 19. b3 Rxa1 20. 
Rxa1 Rd8 21. Rd1 Bf8 22. h3 Ba6 23. Ra1 Bb7 24. Ra7 Qc8 25. b4 cxb4 26. 
cxb4 Kh8 27. Qb3 Bc6 28. Qc3 Bb5 29. Qb3 Be8 30. Nb2 b5 31. Qc3 Qd7 32. 
Ra6 c6 33. Ra7 Qd6 34. Qb3 Bd7 35. Bb6 Rc8 36. Nd1 Rb8 37. Be3 Re8 38. Bb6
Bc8 39. Qc2 c5 40. bxc5 Nxc5 41. Bxc5 Qxc5 42. Qxc5 Bxc5 43. Rc7 Bd6 44. 
Rc6 Bf8 45. Nc3 b4 46. Nd5 Bb7 47. Rb6 Bxd5 48. exd5 Rd8 49. Rb5 Kg8 50. 
Nd2 Kf7 51. Nc4 Rd7 52. Kf1 Ra7 53. Ke2 h5 54. Kf3 Kg6 55. g4 hxg4+ 56. 
hxg4 Ra6 57. Rb8 Bc5 58. Rb5 Bf8 59. Rb8 Bc5 60. Rb5 Bf8 1/2-1/2

[Event "European Cities & Towns Chess Championship - Open/Seniors"]
[Site "Central Europe"]
[Date "2023.01.29"]
[Round "5.1.3"]
[White "Movsesian, Sergei"]
[Black "Mastrovasilis, Athanasios"]
[Result "1-0"]
[WhiteElo "2615"]
[BlackElo "2520"]
[BlackCountry "GR"]
[BlackFideId "4201990"]
[BlackTeam "Thessaloniki"]
[BlackTitle "GM"]
[WhiteCountry "AM"]
[WhiteFideId "310204"]
[WhiteTeam "Prague - Open"]
[WhiteTitle "GM"]

1. e4 e5 2. Nf3 Nc6 3. Bb5 a6 4. Ba4 Bc5 5. c3 Nge7 6. O-O Ba7 7. d4 Ng6 
8. Bg5 f6 9. Be3 O-O 10. d5 Bxe3 11. dxc6 Bxf2+ 12. Rxf2 bxc6 13. Nbd2 Kh8
14. Nf1 Bb7 15. Ne3 Rb8 16. c4 c5 17. Bxd7 Bxe4 18. Bf5 Bxf5 19. Nxf5 Qc8 
20. Ne3 Nf4 21. Nd5 Ne6 22. Nh4 Qe8 23. Qg4 c6 24. Nc3 g6 25. Re1 f5 26. 
Qg3 e4 27. Qe5+ Ng7 28. Qxc5 Rb7 29. Rxe4 Qd8 30. Rd4 Qe8 31. Re2 Qf7 32. 
Nf3 Re8 33. Ne5 1-0

[Event "European Cities & Towns Chess Championship - Open/Seniors"]
[Site "Central Europe"]
[Date "2023.01.29"]
[Round "5.1.4"]
[White "Ioannidis, Evgenios"]
[Black "Nemec, Jachym"]
[Result "1/2-1/2"]
[WhiteElo "2476"]
[BlackElo "2361"]
[BlackCountry "CZ"]
[BlackFideId "23716525"]
[BlackTeam "Prague - Open"]
[BlackTitle "FM"]
[WhiteCountry "GR"]
[WhiteFideId "4229274"]
[WhiteTeam "Thessaloniki"]
[WhiteTitle "IM"]

1. d4 d5 2. c4 c6 3. Nc3 Nf6 4. cxd5 cxd5 5. Bf4 Nc6 6. e3 Bg4 7. Qb3 Na5 
8. Qa4+ Bd7 9. Qc2 Rc8 10. Bd3 e6 11. Nf3 Bb4 12. O-O O-O 13. Rfc1 h6 14. 
h3 Qe7 15. Ne5 a6 16. Qe2 Bxc3 17. bxc3 Ba4 18. c4 dxc4 19. Nxc4 Nxc4 20. 
Bxc4 Bc6 21. Bd3 Be4 22. Bxe4 Nxe4 23. Qd3 Nf6 24. Be5 Nd7 25. Bg3 Nb6 26.
 Qb3 Nd5 27. e4 Nf6 28. f3 Rfd8 29. Qb6 Nh5 30. Bc7 Rd7 31. Be5 Rxc1+ 32. 
Rxc1 Qg5 33. Rc8+ Kh7 34. Rc7 Nf4 35. Bxf4 Qxf4 36. Rxd7 Qc1+ 37. Kf2 Qd2+
38. Kf1 Qd1+ 39. Kf2 Qd2+ 40. Kg3 Qg5+ 41. Kh2 Qf4+ 42. Kg1 Qc1+ 43. Kf2 
Qd2+ 1/2-1/2

[Event "European Cities & Towns Chess Championship - Open/Seniors"]
[Site "Central Europe"]
[Date "2023.01.29"]
[Round "5.2.1"]
[White "Kourkoulos-Arditis, Stamatis"]
[Black "Tarhan, Adar"]
[Result "1-0"]
[WhiteElo "2537"]
[BlackElo "2321"]
[BlackCountry "TR"]
[BlackFideId "34544712"]
[BlackTeam "Istanbul - Open"]
[BlackTitle "FM"]
[WhiteCountry "GR"]
[WhiteFideId "4221990"]
[WhiteTeam "Kallithea - Athens"]
[WhiteTitle "IM"]

1. b3 Nf6 2. Bb2 d5 3. e3 c6 4. f4 Bg4 5. Be2 Bxe2 6. Qxe2 Nbd7 7. g4 Qc7 
8. g5 Ne4 9. d3 Nd6 10. Nf3 Nf5 11. Nbd2 Qb6 12. e4 dxe4 13. dxe4 Ne3 14. 
Nd4 Qxd4 15. Bxd4 Nxc2+ 16. Kf1 Nxd4 17. Qd3 e5 18. fxe5 Bc5 19. Nc4 Ne6 
20. b4 Bxb4 21. Rb1 Be7 22. Rxb7 Nec5 23. Qb1 Nxb7 24. Qxb7 Rd8 25. Nd6+ 
Kf8 26. Nf5 Bxg5 27. h4 Be7 28. Kg2 g6 29. Nxe7 Kxe7 30. Rd1 Rhe8 31. Qc7 
f6 32. exf6+ Ke6 33. Rd6+ 1-0

[Event "European Cities & Towns Chess Championship - Open/Seniors"]
[Site "Central Europe"]
[Date "2023.01.29"]
[Round "5.2.2"]
[White "Can, Isik"]
[Black "Halkias, Stelios"]
[Result "1/2-1/2"]
[WhiteElo "2488"]
[BlackElo "2516"]
[BlackCountry "GR"]
[BlackFideId "4201809"]
[BlackTeam "Kallithea - Athens"]
[BlackTitle "GM"]
[WhiteCountry "TR"]
[WhiteFideId "6383742"]
[WhiteTeam "Istanbul - Open"]
[WhiteTitle "IM"]

1. e4 c5 2. Nf3 Nc6 3. d4 cxd4 4. Nxd4 e5 5. Nb5 d6 6. c4 Be7 7. N1c3 a6 
8. Na3 f5 9. exf5 Bxf5 10. Bd3 Be6 11. Nc2 Nf6 12. O-O O-O 13. b3 Qd7 14. 
Ba3 Rfd8 15. Nd5 Nxd5 16. cxd5 Bxd5 17. Bxh7+ Kxh7 18. Qxd5 Bf6 19. Rad1 
Ne7 20. Qd3+ Kg8 21. Ne3 Qe6 22. f4 exf4 23. Rxf4 Be5 24. Rh4 Ng6 25. Rg4 
Nf4 26. Qf5 Re8 27. Kh1 Rac8 28. g3 Ne2 29. Qxe6+ Rxe6 30. Nc4 Nc3 31. Re1
Rce8 32. Bb2 Bf6 33. Rf1 d5 34. Rxf6 Rxf6 35. Bxc3 Rf3 36. Bxg7 dxc4 37. 
Kg2 Rd3 38. Bd4+ Kf7 39. Rf4+ Kg8 40. Rg4+ Kf7 41. Rf4+ Kg8 42. Rg4+ 
1/2-1/2

[Event "European Cities & Towns Chess Championship - Open/Seniors"]
[Site "Central Europe"]
[Date "2023.01.29"]
[Round "5.2.3"]
[White "Kalogeris, Ioannis"]
[Black "Makaraci, Tunahan"]
[Result "0-1"]
[WhiteElo "2409"]
[BlackElo "2296"]
[BlackCountry "TR"]
[BlackFideId "6356559"]
[BlackTeam "Istanbul - Open"]
[WhiteCountry "GR"]
[WhiteFideId "4239563"]
[WhiteTeam "Kallithea - Athens"]
[WhiteTitle "FM"]

1. e4 Nf6 2. e5 Nd5 3. d4 d6 4. Nf3 dxe5 5. Nxe5 c6 6. Be2 Bf5 7. O-O Nd7 
8. Nd3 e6 9. a3 Bd6 10. Nd2 O-O 11. Nf3 Qc7 12. g3 Rad8 13. c4 N5f6 14. c5
Be7 15. Bf4 Qc8 16. Qa4 Bxd3 17. Bxd3 Nxc5 18. dxc5 Rxd3 19. Ne5 Rd5 20. 
Rad1 Bxc5 21. b4 Bb6 22. Nc4 Rfd8 23. Nd6 Qd7 24. Rfe1 Rxd1 25. Rxd1 Nd5 
26. Nc4 Qe7 27. Be5 Qg5 28. Qc2 h5 29. Kg2 h4 30. Kg1 f6 31. Bd6 Qg4 32. 
Re1 hxg3 33. Bxg3 Nf4 34. a4 Rd3 35. a5 Rxg3+ 0-1

[Event "European Cities & Towns Chess Championship - Open/Seniors"]
[Site "Central Europe"]
[Date "2023.01.29"]
[Round "5.2.4"]
[White "Citak, Selim"]
[Black "Papasimakopoulos, Alexandros"]
[Result "0-1"]
[WhiteElo "2281"]
[BlackElo "2334"]
[BlackCountry "GR"]
[BlackFideId "4244125"]
[BlackTeam "Kallithea - Athens"]
[BlackTitle "FM"]
[WhiteCountry "TR"]
[WhiteFideId "6301819"]
[WhiteTeam "Istanbul - Open"]
[WhiteTitle "FM"]

1. d4 e6 2. c4 Nf6 3. Nf3 Bb4+ 4. Bd2 Qe7 5. g3 Nc6 6. Bg2 Bxd2+ 7. Nbxd2 
d6 8. O-O O-O 9. e4 e5 10. d5 Nb8 11. b4 a5 12. a3 c6 13. Re1 cxd5 14. 
exd5 Bg4 15. h3 Bxf3 16. Nxf3 axb4 17. axb4 Na6 18. Qb3 Qc7 19. Rec1 Qb6 
20. Rab1 Rfe8 21. c5 dxc5 22. bxc5 Qxb3 23. Rxb3 Rac8 24. c6 e4 25. Nd4 
bxc6 26. dxc6 Nc7 27. Nf5 Re6 28. Rb7 g6 29. Nh6+ Kg7 30. Ng4 Nfd5 31. Ne3
Ne7 32. Rb6 f5 33. Bf1 Rd6 34. Nc4 Re6 35. Na5 Re5 36. Nc4 Rc5 37. Rd1 
Ncd5 38. Rb7 Kf6 39. Nb6 Nxb6 40. Rxb6 R8xc6 41. Rb7 Rc7 42. Rb6+ R5c6 43.
 Rb8 Rc1 44. Rxc1 Rxc1 45. Kg2 Rc2 46. Kg1 Nd5 47. Rb3 g5 48. Ra3 h5 49. 
Rb3 h4 50. gxh4 gxh4 51. Ra3 Kg5 52. Ba6 Nf4 53. Bb7 Rb2 54. Bc6 Rb1+ 55. 
Kh2 Rf1 56. Ra2 Nd3 57. Kg2 Rb1 58. Ba8 Ne1+ 59. Kf1 Nf3+ 60. Ke2 Re1# 0-1

[Event "European Cities & Towns Chess Championship - Open/Seniors"]
[Site "Central Europe"]
[Date "2023.01.29"]
[Round "5.3.1"]
[White "Pasko, Llambi"]
[Black "Stoleriu, George"]
[Result "0-1"]
[WhiteElo "2413"]
[BlackElo "2389"]
[BlackCountry "RO"]
[BlackFideId "1227505"]
[BlackTeam "Iasi"]
[BlackTitle "FM"]
[Termination "time forfeit"]
[WhiteCountry "AL"]
[WhiteFideId "4701178"]
[WhiteTeam "TIRANA City"]
[WhiteTitle "IM"]

1. d4 e6 2. c4 Nf6 3. Nf3 Bb4+ 4. Bd2 Qe7 5. g3 O-O 6. Bg2 Bxd2+ 7. Nbxd2 
d6 8. O-O e5 9. e4 Bg4 10. d5 a5 11. Qc2 Bxf3 12. Bxf3 b6 13. b3 Nbd7 14. 
a3 Ra7 15. Nb1 Ne8 16. Nc3 g6 17. Bg4 Nc5 18. b4 Nxe4 19. Qxe4 f5 20. Qe2 
fxg4 21. Qxg4 Qf7 22. f4 Qf5 23. Qxf5 Rxf5 24. Nb5 Ra8 25. bxa5 Rxa5 26. 
Rae1 Ra4 27. g4 Rf8 28. fxe5 Rxc4 29. Rxf8+ Kxf8 30. h3 Rc5 31. exd6 Nxd6 
32. Nd4 Rxd5 33. Ne6+ Kf7 34. Nxc7 Rd3 35. Kg2 Rxa3 36. Rd1 Ne4 37. Rd7+ 
Kf6 38. Nd5+ Ke6 39. Nxb6 Rb3 40. Rb7 Nd6 41. Rb8 Rb2+ 42. Kg3 Rb3+ 43. 
Kh4 Nf7 44. g5 Rb4+ 45. Kg3 Nxg5 46. Re8+ Kf7 47. Rb8 Rb3+ 48. Kg4 Nxh3 
49. Rb7+ Ke6 50. Rb8 Nf2+ 51. Kg5 Ne4+ 0-1

[Event "European Cities & Towns Chess Championship - Open/Seniors"]
[Site "Central Europe"]
[Date "2023.01.29"]
[Round "5.3.2"]
[White "Gheorghiu, Calin"]
[Black "Xhembulla, Aleksander"]
[Result "1-0"]
[WhiteElo "2317"]
[BlackElo "2091"]
[BlackCountry "AL"]
[BlackFideId "4705114"]
[BlackTeam "TIRANA City"]
[Termination "time forfeit"]
[WhiteCountry "RO"]
[WhiteFideId "1200305"]
[WhiteTeam "Iasi"]
[WhiteTitle "FM"]

1. b3 e5 2. Bb2 Nc6 3. e3 d5 4. Bb5 Ne7 5. Bxe5 a6 6. Bxc6+ Nxc6 7. Bg3 h5
8. h4 Bg4 9. Nf3 Qf6 10. d4 O-O-O 11. Nbd2 Bb4 12. c4 dxc4 13. bxc4 Rxd4 
14. exd4 Nxd4 15. O-O Bxd2 16. Qxd2 Bxf3 17. Qa5 b6 18. Qe5 Qxe5 19. Bxe5 
Nc6 20. Rfe1 Bg4 21. Bxg7 Rg8 22. Bc3 Be6 23. Re4 Rd8 24. Rc1 Kb7 25. f3 
Rd3 26. Kf2 Ne7 27. Ke2 Rd7 28. g4 Ng6 29. gxh5 Nf8 30. h6 f5 31. Rd4 Rh7 
32. Rd8 Bxc4+ 33. Kf2 Ng6 34. Bg7 b5 35. Kg3 Be6 36. h5 f4+ 37. Kf2 Ne7 
38. Re1 Nc6 39. Rd2 Bf7 40. Rc1 Bxh5 41. Rd7 Be8 42. Rd2 a5 43. Rb2 b4 44.
 a3 Kb6 45. axb4 axb4 46. Rc4 Kb5 47. Rxf4 Bg6 48. Rf6 Bd3 49. Ke3 Bc4 50.
 Rc2 Na5 51. Rf5+ c5 52. Bf8 Nb7 53. Rf4 Bd5 54. Bg7 b3 55. Rb2 Na5 56. 
Kd3 Nc6 57. Kc3 Nb4 58. Rf8 Be6 59. f4 Nd5+ 60. Kxb3 c4+ 61. Kc2+ Kc6 62. 
Kd2 Ne7 63. Ke3 Nf5+ 64. Ke4 Nxg7 65. hxg7 Rxg7 66. f5 Bd5+ 67. Ke5 Re7+ 
68. Kf6 Re1 69. Rc8+ Kd6 70. Rd2 Kd7 71. Rc5 1-0

[Event "European Cities & Towns Chess Championship - Open/Seniors"]
[Site "Central Europe"]
[Date "2023.01.29"]
[Round "5.3.3"]
[White "Zeneli, Klendi"]
[Black "Calin, Alexandru"]
[Result "0-1"]
[WhiteElo "2052"]
[BlackElo "2169"]
[BlackCountry "RO"]
[BlackFideId "1222961"]
[BlackTeam "Iasi"]
[BlackTitle "FM"]
[WhiteCountry "AL"]
[WhiteFideId "4706609"]
[WhiteTeam "TIRANA City"]

1. e4 d6 2. d4 Nf6 3. Nc3 Nbd7 4. Be3 e5 5. Nf3 Be7 6. Bc4 O-O 7. O-O c6 
8. a4 b6 9. h3 a6 10. Qd2 Bb7 11. Rad1 b5 12. Bd3 Qc7 13. axb5 axb5 14. d5
b4 15. Ne2 cxd5 16. exd5 e4 17. Nfd4 exd3 18. cxd3 Nxd5 19. Nf5 Qd8 20. 
Bd4 Bf6 21. Neg3 Bxd4 22. Nxd4 Qf6 23. Ndf5 Ne5 24. d4 Ng6 25. Qc2 Rfc8 
26. Qb1 Ndf4 27. Ne3 Nh4 28. d5 Qg6 29. Ne4 Nhxg2 30. Kh2 Nxe3 31. Rg1 
Neg2 32. h4 Qh6 33. Rxg2 Qxh4+ 34. Kg1 Nxg2 35. Kxg2 Re8 36. f3 f5 37. Rh1
Qe7 38. Ng3 g6 39. Qc1 Rac8 40. Qh6 Rc2+ 41. Kh3 f4 42. Ne4 Bc8# 0-1

[Event "European Cities & Towns Chess Championship - Open/Seniors"]
[Site "Central Europe"]
[Date "2023.01.29"]
[Round "5.3.4"]
[White "Zubcu, Vlad-George"]
[Black "Shuqja, Klean"]
[Result "1-0"]
[WhiteElo "2156"]
[BlackElo "1884"]
[BlackCountry "AL"]
[BlackFideId "4701585"]
[BlackTeam "TIRANA City"]
[BlackTitle "WFM"]
[WhiteCountry "RO"]
[WhiteFideId "1219715"]
[WhiteTeam "Iasi"]

1. d4 Nf6 2. Bg5 d5 3. Bxf6 exf6 4. e3 Bd6 5. g3 c6 6. Bg2 O-O 7. Ne2 Bf5 
8. O-O Qd7 9. Re1 Na6 10. a3 Nc7 11. Nd2 Rfe8 12. Rc1 a5 13. c4 Bf8 14. 
Nf4 Be6 15. Qb3 Rab8 16. cxd5 Nxd5 17. Nxd5 Bxd5 18. Bxd5 cxd5 19. Qb6 Qd8
20. Qb5 Re6 21. Nb1 Rb6 22. Qe2 Rc6 23. Nc3 Rbc8 24. Ra1 Rc4 25. Qf3 Qb6 
26. Rab1 Qc6 27. Ra1 Qb6 28. Nxd5 Qxb2 29. Rab1 Qxa3 30. Nb6 Bb4 31. Nxc4 
Rxc4 32. Qxb7 h6 33. Red1 Rc2 34. Qa8+ Bf8 35. Rb8 g6 36. Rdb1 Kg7 37. 
Rxf8 Qxf8 38. Rb8 Rc1+ 39. Kg2 1-0

[Event "European Cities & Towns Chess Championship - Open/Seniors"]
[Site "Central Europe"]
[Date "2023.01.29"]
[Round "5.4.1"]
[White "Massoni, Michael"]
[Black "Hristodoulou, Panagiotis"]
[Result "1-0"]
[WhiteElo "2322"]
[BlackElo "2372"]
[BlackCountry "GR"]
[BlackFideId "4214340"]
[BlackTeam "Heraklion"]
[BlackTitle "FM"]
[WhiteCountry "FR"]
[WhiteFideId "654213"]
[WhiteTeam "Corsica "]
[WhiteTitle "IM"]

1. e4 Nf6 2. e5 Nd5 3. d4 d6 4. c4 Nb6 5. exd6 cxd6 6. Be3 g6 7. Nc3 Bg7 
8. Rc1 O-O 9. Be2 d5 10. c5 Nc4 11. Bxc4 dxc4 12. Nge2 Nc6 13. O-O Bf5 14.
 b3 Bd3 15. bxc4 Bxc4 16. Qa4 Bxe2 17. Nxe2 e6 18. Rfd1 Qh4 19. Qb3 Qe7 
20. Rb1 Rab8 21. Nc3 Rfd8 22. Nb5 b6 23. Qa4 Na5 24. Rbc1 bxc5 25. Qxa5 
cxd4 26. Nxd4 Qh4 27. Nf3 Qg4 28. Rxd8+ 1-0

[Event "European Cities & Towns Chess Championship - Open/Seniors"]
[Site "Central Europe"]
[Date "2023.01.29"]
[Round "5.4.2"]
[White "Panagiotakos, Nikolaos"]
[Black "Pieri, Pierre-Louis"]
[Result "0-1"]
[WhiteElo "2122"]
[BlackElo "2138"]
[BlackCountry "FR"]
[BlackFideId "20622627"]
[BlackTeam "Corsica "]
[WhiteCountry "GR"]
[WhiteFideId "4213246"]
[WhiteTeam "Heraklion"]

1. e4 c5 2. Nf3 e6 3. d4 cxd4 4. Nxd4 Nc6 5. Nc3 Qc7 6. Be2 a6 7. Be3 Nf6 
8. a3 b5 9. Nxc6 dxc6 10. f4 e5 11. O-O Bd6 12. f5 Bb7 13. Bg5 Be7 14. Qd3
Rd8 15. Qg3 c5 16. Bf3 h6 17. Bxf6 Bxf6 18. Nd5 Bxd5 19. exd5 O-O 20. Be4 
c4 21. Kh1 Qc5 22. c3 Rfe8 23. Rfd1 Qd6 24. a4 Rb8 25. Qf2 Rec8 26. axb5 
axb5 27. Ra5 b4 28. Rda1 bxc3 29. bxc3 Rb3 30. Ra6 Qd8 31. Qd2 Bg5 32. Qc2
Rcb8 33. d6 Rb2 34. Qd1 Rd2 35. Qf1 Rxd6 36. Ra8 Rdb6 37. Rxb8 Rxb8 38. 
Qxc4 Qb6 39. g3 Qf2 40. Bd5 Kh7 41. Bxf7 Qf3+ 42. Kg1 Be3# 0-1

[Event "European Cities & Towns Chess Championship - Open/Seniors"]
[Site "Central Europe"]
[Date "2023.01.29"]
[Round "5.4.3"]
[White "Utrera, Ludovic"]
[Black "Klokas, Konstantinos"]
[Result "0-1"]
[WhiteElo "2045"]
[BlackElo "2069"]
[BlackCountry "GR"]
[BlackFideId "4206932"]
[BlackTeam "Heraklion"]
[WhiteCountry "FR"]
[WhiteFideId "20604580"]
[WhiteTeam "Corsica "]

1. e4 c5 2. Nc3 Nc6 3. Bb5 Nd4 4. Nf3 g6 5. O-O Bg7 6. Re1 Nxb5 7. Nxb5 a6
8. Nc3 d6 9. d4 cxd4 10. Nxd4 e5 11. Nf3 Ne7 12. Qd3 Nc6 13. Rd1 Bg4 14. 
Ne2 Bxf3 15. gxf3 Qh4 16. Be3 O-O 17. Qxd6 Rad8 18. Qc7 Nd4 19. Nxd4 exd4 
20. Bf4 Rc8 21. Qd6 Rxc2 22. Bg3 Qh5 23. Kg2 f5 24. Qd5+ Kh8 25. Be5 fxe4 
26. Bxg7+ Kxg7 27. Qxd4+ Kh6 28. Qxe4 Qg5+ 29. Kf1 Rxb2 30. Rab1 Rxb1 31. 
Rxb1 b5 32. Rd1 Qf4 33. Qxf4+ Rxf4 34. Kg2 Ra4 35. Rd2 Kg5 36. Kg3 h5 37. 
h4+ Kf5 38. Rd5+ Ke6 39. Rd2 Ke5 40. Re2+ Kf5 41. Rc2 Rc4 42. Rd2 Rc5 43. 
Rd6 a5 44. Ra6 a4 45. Rb6 a3 46. Ra6 b4 47. Rb6 Rc4 48. Rb5+ Kf6 49. Rb6+ 
Kf5 50. Rb5+ Ke6 51. Rb6+ Kd5 52. Rxg6 Rc2 53. Rb6 Kc4 54. Rc6+ Kd3 55. 
Rb6 Kc3 56. Rc6+ Kb2 57. Rb6 Rc4 58. Rb5 Kxa2 59. Rxh5 b3 60. Rb5 b2 61. 
h5 b1=Q 62. Rxb1 Kxb1 63. h6 a2 0-1